000 00414nam a2200181Ia 4500
001 728
005 20260306140539.0
008 260306t1959||||xx |||||||||||||| ||spa||
041 _aESP
082 _a149.7
_bW56
100 _aWilhelmsen, Frederick D.
_eAUT
245 0 _aEl racionalismo de Jacques de Maritain
260 _c1959
300 _a
_c
650 _aGEN
654 _aCHU
942 _cLIB
_dJUS
_fJUS
_2ddc
_n
999 _c728
_d728